| 000 | 00273 a2200109 4500 | ||
|---|---|---|---|
| 999 |
_c243387 _d243387 |
||
| 001 | 8314 | ||
| 003 | NUST | ||
| 005 | 20180118185653.0 | ||
| 008 | 180118b xxu||||| |||| 00| 0 eng d | ||
| 082 | _a923.5 MOO | ||
| 100 |
_aMoovehead, A _98972 |
||
| 245 |
_aMontgomeiey A Biography (Transfered to SOA) _hEnglish |
||
| 260 |
_bHamitton _a1947 |
||
| 942 |
_aNUST-CAE _cBK _cBK _k923.5 MOO _2ddc |
||